Artistas musicales de México - Estadísticas

Estadísticas generales
  • Esta prueba ha sido intentada 266 veces
  • La puntuación promedio es 6 de 18
Estadísticas de respuestas
Canciones Artista % Correcto
«Ella baila sola» | «PRC» | «Bellakeo» Peso Pluma
85%
«Abrázame muy fuerte» | «Querida» Juan Gabriel
62%
«Volver, volver» | «Tu camino y el mío» Vicente Fernández
55%
«Hasta la raíz» | «Nunca es suficiente» Natalia Lafourcade
52%
«Labios rotos» | «Love» | «Soñé» Zoé
40%
«Tú» | «Primera cita» | «Según quién» Carín León
37%
«Idiota» | «XT4SIS» | «Mala fama» Danna Paola
37%
«Cien años» | «Amorcito corazón» Pedro Infante
37%
«Madonna» | «Vino tinto» | «PRC» Natanael Cano
36%
«No me acuerdo» | «No, no, no» Thalía
33%
«Más que tu amigo» | «Si no te hubieras ido» Marco Antonio Solís
29%
«Mente Positiva» | «Lady Gaga» | «Y lloro» Junior H
28%
«La ingrata» | «Quiero ver» | «Eres» Café Tacvba
27%
«Maria Maria» | «Oye cómo va» Carlos Santana
19%
«El rey» | «El culebra» | «Si nos dejan» José Alfredo Jiménez
19%
«El amor de su vida» | «El tóxico» Grupo Firme
18%
«Bobo» | «Tortura» | «La noche» Kenia Os
6%
«Bésame mucho» | «Amar y vivir» Consuelo Velázquez
4%
No se encontraron pruebas coincidentes
Distribución de puntuación
Porcentaje de gente con cada puntuación
Porcentaje por número respondido
Historial de tus puntuaciones
No has intentado esta prueba.